00587nam a2200205Ia 450000500170000000800410001702000150005808200150007310000150008824500710010326000280017430000130020265000120021565000130022765000140024065000100025494200060026495200960027099900150036620240919053427.0240331s9999 xx 000 0 und d a0415007216 bPOLa709.2 aPollock, G 0aVision and difference :bFemininity, feminism and histories of art aLondonbRoutledgec1988 a239 p ., aCulture aFeminist aPolitical aWomen cL 001040708LaWERCLbWERCLcSSCd2024-03-31l0o 709.2 POLp604r2024-03-31w2024-03-31yL c3078d3078